000 00832nam a2200205Ii 4500
003 JO-AjNU
008 230605s9999||||xx |||||||||||||| ||und||
040 _aJO-AjNU
_bara
_erda
_cJO-AjNU
041 _aara
050 1 4 _aPJ6161.A85 1998
100 3 _aاعداد الأسمر راجي؛اشراف إميل يعقوب,
_eauthor
_97631
245 0 0 _aدليل البلاغة العربية الواضحة: دليل للمعلم يتضمن حلول التمرينات التي اشتمل عليها كتاب البلاغة العربية الواضحة
250 _aط1
264 3 1 _aبيروت: المكتبة الثقافية، 1998
300 _a103ص
336 _atext
_btxt
_2rdacontent
337 _aunmediated
_bn
_2rdamedia
338 _avolume
_bnc
_2rdacarrier
650 4 _aالبلاغة العربية- البيان
_97632
999 _aA378
_c3946
_d3946